LEADER 01384nam1 22003133i 450 001 CAG0051016 005 20170908093242.0 100 $a19980928d1953 ||||0itac50 ba 101 | $aita 102 $ait 181 1$6z01$ai $bxxxe 182 1$6z01$an 200 1 $aTutto il teatro di tutti i tempi$fa cura di Corrado Pavolini 210 $aRoma$cG. Casini$d1953$hstampa 1952 215 $a3 volumi$cill.$d24 cm. 463 1$1001CAG0051019$12000 $a1$fa cura di Corrado Pavolini$v1 463 1$1001CAG0051021$12000 $a2$fa cura di Corrado Pavolini$v2 463 1$1001CAG0051024$12000 $a3$fa cura di Corrado Pavolini$v3 606 $aLetteratura drammatica$xAntologie$2FIR$3NAPC181831$9I 676 $a809.2$9STORIA, DESCRIZIONE, STUDIO CRITICO DI PIU' DI DUE LETTERATURE. Teatro$v14 702 1$aPavolini$b, Corrado$f <1898-1980>$3CFIV111604 801 3$aIT$bIT-NA0079$c19980928 850 $aIT-NA0079$aIT-NA0742 912 $aCAG0051016 950 1$aBiblioteca Nazionale Vittorio Emanuele III$bv. 1-3$cv. 1$d BNL.P. Seconda Sala O. 1. 11$bv. 1-3$cv. 2$d BNL.P. Seconda Sala O. 1. 12$bv. 1-3$cv. 3$d BNL.P. Seconda Sala O. 1. 13 950 1$aBiblioteca Nicola Zingarelli$cv. 1-3$d NZDEL MON. Ald. 333 977 $a BN$a NZ 996 $aTUTTO il teatro di tutti i tempi$9520725 997 $aUNISANNIO LEADER 00944cam0-2200325---450- 001 990009806080403321 005 20140127101138.0 010 $a978-88-568-4818-2 035 $a000980608 035 $aFED01000980608 035 $a(Aleph)000980608FED01 035 $a000980608 100 $a20140108d2012----km-y0itay50------ba 101 0 $aita 102 $aIT 105 $ay-------001yy 200 1 $aConvincere per vincere$estrategie e tecniche di comunicazione persuasiva$fFrancesco Carraro 210 $aMilano$cFrancoAngeli$d2012 215 $a106 p.$d22 cm 225 1 $aTrend$v247 610 0 $aPersuasione 676 $a153.852$v22$zita 700 1$aCarraro,$bFrancesco$f<1970- ;$cAvvocato civilista>$0436659 801 0$aIT$bUNINA$gREICAT$2UNIMARC 901 $aBK 912 $a990009806080403321 952 $aCollez. 1195 (247)$b50660$fFSPBC 959 $aFSPBC 996 $aConvincere per vincere$9837416 997 $aUNINA